000 00748nam a2200229 a 4500
008 951121s1986||||[C 0 slo c
020 _c17 Kčs.
_q(15000 výtl.)
040 _aSNK
_bslo
_cSNK
_eAACR2
041 1 _aslo
_hfre
044 _axo
_cSK
080 _a840-3
100 1 _aDurasová, Marguerite
_4aut
245 1 0 _aMilenec
_cMarguerite Duras ; Michaela Jurovská, Michaela Jurovská, Ľubomír Longauer
250 _a1., vyd.
260 _aBratislava
_bSlovenský spisovateľ
_c1986
_eMartin
_fTlačiarne SNP
300 _a99 s., 4,69 AH
_c19 cm
490 0 _aMalá edícia svetových autorov
_vZv. 30.
700 1 _aJurovská, Michaela
_4trl
700 1 _aJurovská, Michaela
_4[ADC]
700 1 _aLongauer, Ľubomír
_4bkd
958 _aA
999 _c10444
_d10444